| 000 | 00693nam a2200241 a 4500 | ||
|---|---|---|---|
| 005 | 20210219153236.0 | ||
| 008 | 991125n 000 0 u | ||
| 035 | _aUPN01000085321 | ||
| 100 | 1 | _aSpekman, Nancy J | |
| 222 | _aLEARNING DISABILITIES RESEARCH AND PRACTICE | ||
| 245 | _aLearning disabled children grow up : a search for factors related to success in the young adult years | ||
| 300 | _a161-170 | ||
| 362 | 0 | _a1992 Vol. 7, no. 3 | |
| 653 | 0 | _aEXITO | |
| 653 | 0 | _aNIÑOS | |
| 653 | 0 | _aVARIABLES PREDICTIVAS | |
| 700 | 1 | _aHerman, Kenneth L., | |
| 700 | 1 | _ecoaut. | |
| 700 | 1 | _aGoldberg, Roberta J., | |
| 700 | 1 | _ecoaut. | |
| 904 |
_aAC _b023132 |
||
| 905 | _aArticulo | ||
| 999 |
_c71826 _d71826 |
||